000 01124cam a22003131 4500
001 sa 66002122
003 DLC
005 20260227112226.0
008 900227m19659999ii b 000 0 sano
010 _asa 66002122
035 _a(OCoLC)21129686
040 _aDLC
_cWaU
_dDLC
041 0 _asanhin
042 _apremarc
050 0 0 _aPK513
_b.V32
100 0 _aVaradarāja,
_dactive 17th century.
245 1 0 _aLaghusiddhāntakaumudī.
260 _c1965-
300 _av.
_c23 cm.
440 0 _aVidyabhawan Sanskrit granthamala ;
_v131
500 _aAdded t.p. in English.
500 _aIn Sanskrit; foreword in English; introd., commentary and notes in Hindi.
500 _aThe Laghusiddhāntakaumudī by Varadarāja is based on the Siddhāntakaumudī by Bhaṭṭojī Dīkṣita, which is in turn a commentary on Pāṇini's Aṣṭādhyāyī.
504 _aBibliographical footnotes.
650 0 _aSanskrit language
_xGrammar.
700 0 _aPāṇini.
_tAṣṭādhyāyī.
700 0 _aBhaṭṭojī Dīkṣita.
_tSiddhāntakaumudī.
700 1 _aKushwaha, M. S.
_q(Mahesh Singh),
_d1938-
_tMaheśvarī.
999 _c68161
_d68161